Royal charter and bye-laws 1973 (amended 1975, 1977, 1978, 1980, 1981, 1983, 1985, 1986, 1988, 1990 and 1991.) (Record no. 93317)

MARC details
000 -LEADER
fixed length control field 00785cam a2200241 4500
008 - FIXED-LENGTH DATA ELEMENTS--GENERAL INFORMATION
fixed length control field 090401t1991 xxu||||| |||| 00| 0 eng d
020 ## - INTERNATIONAL STANDARD BOOK NUMBER
International Standard Book Number 0854065040
035 ## - SYSTEM CONTROL NUMBER
System control number (Sirsi) u53678
041 ## - LANGUAGE CODE
Language code of text/sound track or separate title eng
050 ## - LIBRARY OF CONGRESS CALL NUMBER
Classification number 333.0062
090 ## - LOCALLY ASSIGNED LC-TYPE CALL NUMBER (OCLC); LOCAL CALL NUMBER (RLIN)
Classification number (OCLC) (R) ; Classification number, CALL (RLIN) (NR) RICS 1991/28ABCD
110 ## - MAIN ENTRY--CORPORATE NAME
Corporate name or jurisdiction name as entry element Royal Institution of Chartered Surveyors
9 (RLIN) 4900
245 ## - TITLE STATEMENT
Title Royal charter and bye-laws 1973 (amended 1975, 1977, 1978, 1980, 1981, 1983, 1985, 1986, 1988, 1990 and 1991.)
260 ## - PUBLICATION, DISTRIBUTION, ETC.
Place of publication, distribution, etc. London
Name of publisher, distributor, etc. RICS
Date of publication, distribution, etc. 1991
300 ## - PHYSICAL DESCRIPTION
Extent Looseleaf; 21cm.
350 ## - PRICE (NR) (BK AM CF MU VM SE) [OBSOLETE]
Price 6.95
520 ## - SUMMARY, ETC.
Summary, etc. AMENDED 1993 (RICS 1993/114).For rules of conduct see 1990/17ABCD.
650 ## - SUBJECT ADDED ENTRY--TOPICAL TERM
Topical term or geographic name entry element RICS BYE-LAWS
650 ## - SUBJECT ADDED ENTRY--TOPICAL TERM
Topical term or geographic name entry element RICS ROYAL CHARTER
690 ## - LOCAL SUBJECT ADDED ENTRY--TOPICAL TERM (OCLC, RLIN)
Topical term or geographic name as entry element MANAGEMENT-BUSINESS MANAGEMENT-PROFESSIONAL PRACTICE
942 ## - ADDED ENTRY ELEMENTS (KOHA)
Suppress in OPAC 0
948 ## - LOCAL PROCESSING INFORMATION (OCLC); SERIES PART DESIGNATOR (RLIN)
c (OCLC) 04/03/1997
Holdings
Withdrawn status Lost status Source of classification or shelving scheme Damaged status Not for loan Home library Current library Shelving location Date acquired Cost, normal purchase price Total Checkouts Full call number Barcode Date last seen Copy number Cost, replacement price Price effective from Koha item type Date last checked out
    Dewey Decimal Classification     London London RICS Boxes 25/09/1991 6.95   RICS 1991/28 30029344 06/08/2019 1 6.95 06/08/2019 Archive  
    Dewey Decimal Classification     London London RICS Boxes 25/09/1991 6.95   RICS 1991/28 30029345 06/08/2019 2 6.95 06/08/2019 Reference material  
    Dewey Decimal Classification     London London RICS Boxes 25/09/1991 6.95 3 RICS 1991/28 30029346 06/08/2019 3 6.95 06/08/2019 Book 14/03/2005
    Dewey Decimal Classification     London London RICS Boxes 25/09/1991 6.95   RICS 1991/28 30029347 06/08/2019 4 6.95 06/08/2019 Book